Teoreticko-metodologické aspekty zdokonaľovania informačného systému reprodukcie základných prostriedkov kandidátska dizertačná práca

Gespeichert in:
Bibliographische Detailangaben
1. Verfasser: Kadlečíková, Zuzana
Körperschaft: Vysoká škola ekonomická v Bratislave. Fakulta riadenia
Weitere Verfasser: Sedláček, Jozef
Format: Buch
Sprache:Slowakisch
Veröffentlicht: Bratislava 1982
Tags: Tag hinzufügen
Keine Tags, Fügen Sie das erste Tag hinzu!

MARC

LEADER 00000nam a2200000 4500
001 c135038
005 20230116081835.4
041 0 |a slo 
044 |a SK 
245 1 0 |a Teoreticko-metodologické aspekty zdokonaľovania informačného systému reprodukcie základných prostriedkov  |b kandidátska dizertačná práca  |c Zuzana Kadlečíková ; ved. Jozef Sedláček 
264 1 |a Bratislava  |c 1982 
300 |a 121 s. 
100 1 |a Kadlečíková, Zuzana 
700 1 |a Sedláček, Jozef 
710 2 |a Vysoká škola ekonomická v Bratislave. Fakulta riadenia